[Event "CZE-ch Juniors op-B"]
[Site "Sec u Chrudimi"]
[Date "2008.03.15"]
[Round "9"]
[White "Stransky, Vojtech"]
[Black "Sotolova, Jana"]
[Result "1-0"]
[WhiteElo "1690"]
[BlackElo "1645"]
[PlyCount "64"]
[EventDate "2008.03.08"]
[EventType "swiss"]
[EventRounds "9"]
[EventCountry "CZE"]
[SourceTitle "EXT 2009"]
[Source "ChessBase"]
[SourceDate "2008.11.26"]
[SourceVersion "1"]
[SourceVersionDate "2008.11.26"]
[SourceQuality "1"]

1. e4 e5 2. Nf3 Nc6 3. d4 d6 4. dxe5 dxe5 5. Qxd8+ Kxd8 6. Nc3 Nf6 7. Bg5 Bd6 8. Nd5 Be7 9. 0-0-0 Bd7 10. Bb5 Re8 11. Nxe7 Rxe7 12. Bxc6 bxc6 13. Rd3 Ke8 14. Rhd1 h6 15. Bxf6 gxf6 16. Nh4 Be6 17. Nf5 Bxf5 18. exf5 c5 19. Rc3 Kf8 20. Rxc5 Kg7 21. Rd3 h5 22. Rg3+ Kh6 23. Rc6 h4 24. Rxf6+ Kh5 25. Rg7 Rh8 26. Rfxf7 Rxf7 27. Rxf7 Kg5 28. Rxc7 Kxf5 29. Rxa7 Rg8 30. g3 hxg3 31. hxg3 Ke4 32. Re7 Kf5 1-0

[Event "CZE-ch Juniors op-B"]
[Site "Sec u Chrudimi"]
[Date "2008.03.13"]
[Round "7"]
[White "Hlavsa, Filip"]
[Black "Sotolova, Jana"]
[Result "1-0"]
[WhiteElo "1719"]
[BlackElo "1645"]
[PlyCount "98"]
[EventDate "2008.03.08"]
[EventType "swiss"]
[EventRounds "9"]
[EventCountry "CZE"]
[SourceTitle "EXT 2009"]
[Source "ChessBase"]
[SourceDate "2008.11.26"]
[SourceVersion "1"]
[SourceVersionDate "2008.11.26"]
[SourceQuality "1"]

1. Nf3 Nc6 2. d4 d5 3. c4 e6 4. Nc3 Nf6 5. Bg5 Be7 6. e3 h6 7. Bh4 a6 8. cxd5 Nxd5 9. Bg3 Bb4 10. Qc2 Ba5 11. a3 0-0 12. Bd3 Nce7 13. 0-0 c6 14. e4 Nxc3 15. bxc3 Bc7 16. e5 Nf5 17. Nd2 Bd7 18. f4 Ne3 19. Qc1 Nxf1 20. Qxf1 f6 21. Qe2 Qe8 22. Qg4 f5 23. Qe2 Qg6 24. Bf2 Bd8 25. c4 Rb8 26. Kh1 h5 27. Nf3 Qh6 28. Qd2 Kh8 29. h4 Rg8 30. Be3 g6 31. Qb4 Qg7 32. Qd6 Rc8 33. Qb4 b5 34. c5 a5 35. Qb3 a4 36. Qb2 Qf8 37. Kg1 Be7 38. Bb1 Qd8 39. g3 Rb8 40. Ba2 Qc7 41. Qc3 Rb7 42. Rc1 Rc8 43. d5 cxd5 44. Bxd5 Rbb8 45. c6 b4 46. Qd4 Bxc6 47. Rxc6 Qd8 48. Rxe6 Kh7 49. Qa7 Qc7 1-0